Gestió de la prevenció de riscos laborals : manual i procediments / [autors: M. Ángeles Lorente del Prisco, Sebastián Romero Zamora, Julián San Mateo Córdoba] ; [traductor: Jaume Macià i Guilà] manual i procediments / [autors:
Publicado:
[Barcelona] :
Diputació de Barcelona, Xarxa de Municipis : Ajuntament de Sabadell, cop. 2001
Descripción Física:
237 p. : il. ; 30 cm
MARC
| LEADER | 00000nam a2200000Ia 4500 | ||
|---|---|---|---|
| 001 | 13565 | ||
| 008 | 160829s9999 xx 000 0 cat d | ||
| 080 | |a M-3-432 | ||
| 100 | |a Lorente del Prisco, M. Ángeles |9 29112 | ||
| 245 | |a Gestió de la prevenció de riscos laborals : |b manual i procediments / [autors: |b M. Ángeles Lorente del Prisco, Sebastián Romero Zamora, Julián San Mateo Córdoba] ; [traductor: |b Jaume Macià i Guilà] | ||
| 260 | |a [Barcelona] : |b Diputació de Barcelona, Xarxa de Municipis : |b Ajuntament de Sabadell, cop. 2001 | ||
| 300 | |a 237 p. : |b il. ; |c 30 cm | ||
| 650 | 0 | |a Seguretat en el treball |9 29113 | |
| 650 | |a Salut en el treball |9 43130 | ||
| 650 | |a Ergonomia |9 29115 | ||
| 700 | |a Romero Zamora, Sebastián |9 29116 | ||
| 700 | |a San Mateo Córdoba, Julián |9 29117 | ||
| 700 | 1 | |a Macià i Guilà, Jaume |9 66203 | |
| 710 | 1 | |a Sabadell (Catalunya). |b Ajuntament |9 51464 | |
| 901 | |a Arxiu | ||
| 942 | |n 1 | ||
| 952 | |0 0 |1 0 |4 0 |6 M3432 |7 1 |9 45067 |a Arxiu |b Arxiu |d 2016-12-01 |l 0 |o M-3-432 |p 13565 |r 2016-12-01 00:00:00 |w 2016-12-01 |y ARXIU | ||
| 999 | |c 47687 |d 47687 | ||